| 000 | 00762cam a2200241 a 4500 | ||
|---|---|---|---|
| 999 |
_c6946 _d6946 |
||
| 001 | 550 | ||
| 003 | BD-DhUAP | ||
| 005 | 20210111122753.0 | ||
| 008 | 200301s1992 nyuabf b f000 0 eng | ||
| 020 | _a1560811978 | ||
| 040 |
_aBD-DhUAP _cBD-DhUAP _dBD-DhUAP _bEng |
||
| 082 |
_a621.3815 VEE _223 |
||
| 100 | _aVeendrick, H. J. M. | ||
| 245 |
_aMOS ICs : _bfrom basics to ASICc / _cH. J. M. Veendrick. |
||
| 250 | _a1st ed. | ||
| 260 |
_aNew York : _bVCH, _cc1992. |
||
| 300 |
_axxix, 430 pages : _billustrations ; _c25 cm. |
||
| 504 | _aIncludes bibliographical references and index. | ||
| 650 | _aMetal oxide semiconductors. | ||
| 650 | _aApplication-specific integrated circuits. | ||
| 942 |
_2ddc _cBK |
||